|
|
|
|
| LEADER |
01064nam a2200265 a 4500 |
| 001 |
16066178 |
| 008 |
130408s2010 ii ab b 001 0 eng d |
| 010 |
|
|
|a 2010316090
|
| 020 |
|
|
|a 8185589666
|
| 040 |
|
|
|a DLC
|c DLC
|d DLC
|d BD-DhAAL
|
| 082 |
0 |
0 |
|a 363.348
|2 22
|
| 245 |
0 |
0 |
|a Natural and anthropogenic disasters :
|b vulnerability, preparedness, and mitigation /
|c edited by Madan Kumar Jha.
|
| 260 |
|
|
|a New Delhi :
|b Capital Pub. Co.,
|c 2010.
|
| 300 |
|
|
|a xvi, 615 p. :
|b ill. (some col.), maps (some col.) ;
|c 25 cm.
|
| 520 |
|
|
|a Contributed articles.
|
| 504 |
|
|
|a Includes bibligraphical references and index.
|
| 541 |
|
|
|e 00026814
|
| 650 |
|
0 |
|a Disaster relief.
|
| 650 |
|
0 |
|a Natural disasters.
|
| 650 |
|
0 |
|a Emergency management.
|
| 650 |
|
0 |
|a Disasters.
|
| 700 |
1 |
|
|a Jha, Madan Kumar.
|
| 852 |
1 |
|
|a Ayesha Abed Library
|c General shelf.
|
| 999 |
|
|
|c 13279
|d 13279
|
| 952 |
|
|
|0 0
|1 0
|2 ddc
|4 0
|6 363_348000000000000_NAT
|7 0
|9 22175
|a IGS
|b IGS
|c GEN
|d 2013-04-10
|e A H Development Publishing House
|g 5500.00
|l 1
|m 2
|o 363.348 NAT
|p 3010026814
|r 2014-06-10
|s 2013-05-07
|t 1
|w 2013-04-10
|y BK
|